LEADER 00899nam0-22002891i-450- 001 990003869850403321 035 $a000386985 035 $aFED01000386985 035 $a(Aleph)000386985FED01 035 $a000386985 100 $a19960715d--------km-y0itay50------ba 101 0 $aita 102 $aIT 200 1 $a<>Effects of the Euro on European Stock Markets$fAndrea Beltratti, Claudio Morana 225 1 $aCentro di Economia monetaria e finanziaria "Paolo Baffi"$fUniversit. Commerciale Luigi Bocconi$v137 610 0 $aMercato finanziario 676 $aJ/4.20 700 1$aBeltratti,$bAndrea$f<1959- >$0115285 701 1$aMorana,$bClaudio$0121352 801 0$aIT$bUNINA$gRICA$2UNIMARC 901 $aBK 912 $a990003869850403321 952 $aPaper$fSES 959 $aSES 996 $aEffects of the Euro on European Stock Markets$9514208 997 $aUNINA DB $aING01 LEADER 01423nam0-2200433li-450 001 990000268240203316 005 20180312154754.0 010 $a0-471-05446-1 010 $a0-471-01670-5 035 $a0026824 035 $aUSA010026824 035 $a(ALEPH)000026824USA01 035 $a0026824 100 $a2001995031994-------y0itay0103----ba 101 0 $aeng 102 $aUS 200 1 $aStereochemistry of organic compounds$fErnest L. Eliel, Samuel H. Wilen ;with a chapter on stereoselective synthesis by Lewis N. Mander 210 $aNew YorK [etc.]$cJohn Wiley & Sons$dcopyr. 1994 215 $aXV, 1267 p.$cill.$d25 cm 610 1 $acomposti organici 610 1 $astereochimica 676 $a541.223 700 1$aEliel,$bErnest L.$066574 702 1$aMander,$bLewis N. 702 1$aWilen,$bSamuel H. 801 $aSistema bibliotecario di Ateneo dell' Università di Salerno$gRICA 912 $a990000268240203316 951 $a541.223 ELI$b17089/CBS$c541.223$d00223780 951 $a541.223 ELI (A)$b0028982 CBS$c541.223$d00113549 959 $aBK 969 $aSCI 979 $c19950313 979 $c20001110$lUSA01$h1716 979 $c20020403$lUSA01$h1635 979 $aDIGIUSEPPE$b90$c20031016$lUSA01$h1310 979 $aPATRY$b90$c20040406$lUSA01$h1619 979 $aRSIAV6$b90$c20090629$lUSA01$h1539 996 $aStereochemistry of organic compounds$91502579 997 $aUNISA LEADER 01656cam--2200421---450- 001 990001256710203316 005 20110210112617.0 035 $a000125671 035 $aUSA01000125671 035 $a(ALEPH)000125671USA01 035 $a000125671 100 $a20031112d1986----km-y0itay50------ba 101 0 $aita 102 $aIT 105 $ay|||||||001yy 200 1 $aAutrici italiane$ecatalogo ragionato dei libri di narrativa, poesia, saggistica, 1945-1985$fa cura di Mimma De Leo 210 $aRoma$cPresidenza del Consiglio dei ministri-Direzione generale delle informazioni della editoria e della proprietà letteraria artistica e scientifica$d1986 215 $a198 p.$d24 cm 300 $aIn testa al frontespizio: Commissione nazionale per la realizzazione della parità tra uomo e donna 606 0 $aScrittrici italiane$xOpere$z1945-1985$xBibliografie$2BNCF 676 $a013.042 700 1$aDE LEO,$bMimma$0546125 801 0$aIT$bsalbc$gISBD 912 $a990001256710203316 951 $aI.2.C. 8b(XIII D 88bis)$b22092/87 L.M.$cI.2.C. 951 $aI.2.C. 8a(XIII D 88a)$b22096/87 L.M.$cI.2.C. 951 $aLP 170(013 AUT)$b22088/87 L.M.$cLP$d00164853 959 $aBK 979 $aSIAV6$b10$c20031112$lUSA01$h0956 979 $aSIAV6$b10$c20031112$lUSA01$h0957 979 $aPATRY$b90$c20040406$lUSA01$h1729 979 $aCOPAT2$b90$c20050222$lUSA01$h1243 979 $aCOPAT2$b90$c20050222$lUSA01$h1415 979 $aANNAMARIA$b90$c20110210$lUSA01$h1120 979 $aANNAMARIA$b90$c20110210$lUSA01$h1122 979 $aANNAMARIA$b90$c20110210$lUSA01$h1126 996 $aAutrici italiane$9986577 997 $aUNISA